Engineering Drawing / (Record no. 183109)
[ view plain ]
| 000 -LEADER | |
|---|---|
| fixed length control field | 00840 a2200181 4500 |
| 003 - CONTROL NUMBER IDENTIFIER | |
| control field | Nust |
| 005 - DATE AND TIME OF LATEST TRANSACTION | |
| control field | 20221014121416.0 |
| 020 ## - INTERNATIONAL STANDARD BOOK NUMBER | |
| International Standard Book Number | 064600866 |
| 040 ## - CATALOGING SOURCE | |
| Transcribing agency | Nust |
| 082 ## - DEWEY DECIMAL CLASSIFICATION NUMBER | |
| Classification number | 604.2,LOM |
| 100 ## - MAIN ENTRY--PERSONAL NAME | |
| Personal name | Johnson, Lobardo |
| 9 (RLIN) | 100324 |
| 245 ## - TITLE STATEMENT | |
| Title | Engineering Drawing / |
| Statement of responsibility, etc. | Lobardo Johnson, |
| 260 ## - PUBLICATION, DISTRIBUTION, ETC. | |
| Place of publication, distribution, etc. | New York |
| Name of publisher, distributor, etc. | Barnes & Noble |
| Date of publication, distribution, etc. | 1956 |
| 505 ## - FORMATTED CONTENTS NOTE | |
| Formatted contents note | Introduction (Page-1), Line Work and the use of Instruments (Page-26), Geometric Constructions (Page-52), Lettering (Page-63), Orthographic Projection (Page-89), Auxiliary Views (Page-105), Sections Ad Conventions (Page-123), Pictorial Views (Page-146), Dimensioning (Page-166), Fasteners (Page-194), Working Drawings (Page-251), The Developments Ad Intersection of Surface Problems (Page-289). |
| 600 ## - SUBJECT ADDED ENTRY--PERSONAL NAME | |
| Personal name | Lombardo Johnson |
| 9 (RLIN) | 100325 |
| 650 ## - SUBJECT ADDED ENTRY--TOPICAL TERM | |
| Topical term or geographic name entry element | Engineering Drawing |
| 9 (RLIN) | 73872 |
| 942 ## - ADDED ENTRY ELEMENTS (KOHA) | |
| Source of classification or shelving scheme | |
| Koha item type | Book |
| Withdrawn status | Lost status | Source of classification or shelving scheme | Damaged status | Not for loan | Permanent Location | Current Location | Shelving location | Date acquired | Full call number | Barcode | Date last seen | Price effective from | Koha item type | Public note |
|---|---|---|---|---|---|---|---|---|---|---|---|---|---|---|
| Military College of Signals (MCS) | Military College of Signals (MCS) | General Stacks | 12/12/2016 | 604.2,LOM | MCS5733 | 12/08/2016 | 12/12/2016 | Book | Almirah No.26, Shelf No.2 |
